| 000 | 00716nam a22002297a 4500 | ||
|---|---|---|---|
| 001 | 82433 | ||
| 003 | UA-OsUOA | ||
| 005 | 20211203130709.0 | ||
| 007 | ta | ||
| 008 | 20120305b un ||||| |||| 00| 0 ukr d | ||
| 040 |
_aUA-OsUOA _brus _cUA-OsUOA _dUA-OsUOA |
||
| 041 | _arus | ||
| 080 | _a821.161.1 | ||
| 090 |
_a821.161.1 _bЧ-36 |
||
| 100 | _aЧейз Д. Х. | ||
| 245 |
_a"... И вы будете редактором отдела". Двойная сдача. Криминальный детектив _bсборник _cДжеймс Хедли Чейз |
||
| 260 |
_aМ. _bФемида _c1991 |
||
| 300 | _a384 с. | ||
| 650 | 7 |
_a821 Художня література _2UDC |
|
| 942 |
_cBK _2udc |
||
| 955 | _a3 | ||
| 999 |
_c368718 _d368718 |
||